Biggest Island by Archipelago - Statistics

General Stats
  • This quiz has been taken 96 times
  • The average score is 12 of 20
Answer Stats
Archipelago Island % Correct
Japanese archipelago Honshu
96%
Philippine Archipelago Luzon
94%
British Isles Great Britain
88%
Canadian Arctic Archipelago Baffin Island
82%
Hawaiian Islands Hawaiʻi
82%
Greater Antilles Cuba
78%
Balearic Islands Majorca
73%
Channel Islands Jersey
71%
Maltese Islands Malta
71%
Society Islands (French Polynesia) Tahiti
68%
Lesser Antilles Trinidad
63%
Malay Archipelago New Guinea
57%
Canary Islands Tenerife
57%
Bermuda Bermuda
50%
Falkland Islands East Falkland
43%
Svalbard Spitsbergen
34%
Comoro Islands Grande Comore
22%
The Bahamas Andros
17%
Ionian Islands Cephalonia
17%
Azores São Miguel
12%
No matching quizzes found
Score Distribution
Percent of People with Each Score
Percentile by Number Answered
Your Score History
You have not taken this quiz